| 000 | 00561nam a2200205 4500 | ||
|---|---|---|---|
| 003 | OSt | ||
| 005 | 20260601171001.0 | ||
| 008 | 260507b1996\\\\|||a||||\||||\00|\0\spa\d | ||
| 020 | _a9686904050 | ||
| 040 |
_aICI _bspa _cICI |
||
| 050 |
_aNA758 _b.D48 |
||
| 100 | 1 |
_aRivero Borrel, Mauricio _931424 |
|
| 245 | 1 |
_aDetalles en la Arquitectura Mexicana _c;Ernesto Alva Martínez |
|
| 264 |
_bComex _c1996 _aMéxico |
||
| 300 | _a203 páginas | ||
| 336 |
_atexto _2rdacontent |
||
| 337 |
_asin medio _2rdamedia |
||
| 338 |
_avolumen _2rdacarrier |
||
| 942 |
_2ddc _cB _n1 |
||
| 999 |
_c20071 _d20071 |
||